000 00339nam a2200121Ia 4500
008 151213s9999 xx 000 0 und d
245 _aAnnual Budget 2005 -06 : Budget in Briet
_bMinistry of Finance & Finance Devision
260 _aDhaka
_bGovt.
_c2005 -06
300 _a2354 p.
650 _aEconomics
650 _aEconomics
999 _c1663
_d1663